Смоленский медицинский альманах. 2020, № 2: Материалы V межрегиональной научно-практической конференции с международным участием "Актуальные проблемы педиатрии, детской эндокринологии и неонатологии", посвященной памяти заслуженного деятеля науки РСФСР доктора медицинских наук, профессора Анны Тимофеевны Петряевой и 100-летнему юбилею Смоленского государственного медицинского университета (Петряевские педиатрические чтения - 2020) (Запись № 11928065)
[ простой вид ]
| 000 -МАРКЕР | |
|---|---|
| контрольное поле | 02816nam2a2200301 4500 |
| 001 - ИДЕНТИФИКАТОР ЗАПИСИ | |
| контрольное поле | RU\NLR\PER_A\012318212_000130 |
| 005 - ИДЕНТИФИКАТОР ВЕРСИИ | |
| контрольное поле | 20250624034319.0 |
| 035 ## - ДРУГИЕ СИСТЕМНЫЕ НОМЕРА | |
| Идентификатор записи | (NLR Aleph) 012441556 |
| 100 ## - ДАННЫЕ ОБЩЕЙ ОБРАБОТКИ | |
| Данные общей обработки | 20210127d2020 |||y0rusy50 ca |
| 101 0# - ЯЗЫК РЕСУРСА | |
| Язык текста, звукозаписи и т.д. | русский |
| 102 ## - СТРАНА ПУБЛИКАЦИИ ИЛИ ПРОИЗВОДСТВА | |
| Страна публикации | Российская Федерация |
| 200 1# - ЗАГЛАВИЕ И СВЕДЕНИЯ ОБ ОТВЕТСТВЕННОСТИ | |
| Основное заглавие | Материалы V межрегиональной научно-практической конференции с международным участием "Актуальные проблемы педиатрии, детской эндокринологии и неонатологии", посвященной памяти заслуженного деятеля науки РСФСР доктора медицинских наук, профессора Анны Тимофеевны Петряевой и 100-летнему юбилею Смоленского государственного медицинского университета (Петряевские педиатрические чтения - 2020) |
| 210 ## - ПУБЛИКАЦИЯ, РАСПРОСТРАНЕНИЕ И ДР. | |
| Дата издания, распространения и т.д. | 2020 |
| Место издания, распространения и т.д. | Б. м. |
| 225 1# - СЕРИЯ | |
| Основное заглавие серии | Серия: Клиническая медицина |
| 461 #0 - УРОВЕНЬ НАБОРА | |
| Встроенное поле | 001RU\NLR\BIBL_A\012318212 |
| -- | 2001#$aСмоленский медицинский альманах$eнаучное издание Смоленского государственного медицинского университета$v2020, № 2 |
| Системный номер (АБИС) связанной записи | 11407687 |
| Место публикации | Смоленск |
| Дата публикации | 2019 - |
| Имя издателя, распространителя и т.д. | [б. и.] |
| Сведения, относящиеся к заглавию | научное издание Смоленского государственного медицинского университета |
| Заглавие | Смоленский медицинский альманах |
| ISSN | 2413-9346 |
| Номер тома | 2020, № 2 |
| 601 02 - НАИМЕНОВАНИЕ ОРГАНИЗАЦИИ КАК ПРЕДМЕТ | |
| Начальный элемент ввода | Смоленский государственный медицинский университет |
| Структурное подразделение организации | Кафедра госпитальной педиатрии с курсом неонатологии |
| Системный номер авторитетной/нормативной записи | 2467592 |
| Идентификатор авторитетной/нормативной записи | RU\NLR\AUTH\6601682955 |
| 606 1# - НАИМЕНОВАНИЕ ТЕМЫ КАК ПРЕДМЕТ | |
| Наименование темы | Педиатрия |
| Формальный подзаголовок | Съезды, совещания и т.п |
| Системный номер авторитетной/нормативной записи | 973843 |
| Идентификатор авторитетной/нормативной записи | RU\NLR\AUTH\6646829 |
| 686 1# - ИНДЕКСЫ ДРУГИХ КЛАССИФИКАЦИЙ | |
| Индекс | Р73е(2)л31 Смоленский |
| 686 1# - ИНДЕКСЫ ДРУГИХ КЛАССИФИКАЦИЙ | |
| Индекс | Р73я431(2) |
| 710 12 - НАИМЕНОВАНИЕ ОРГАНИЗАЦИИ - ПЕРВИЧНАЯ ОТВЕТСТВЕННОСТЬ | |
| Начальный элемент ввода | "Актуальные проблемы педиатрии, детской эндокринологии и неонатологии", межрегиональная научно-практическая конференция с международным участием |
| Порядковый номер временной организации и / или порядковый номер ее части | 5 |
| Место проведения временной организации | Смоленск |
| Дата проведения временной организации | 2020 |
| Системный номер авторитетной/нормативной записи | 735231 |
| Идентификатор авторитетной/нормативной записи | RU\NLR\AUTH\880536161 |
| 852 ## - МЕСТОНАХОЖДЕНИЕ И ШИФР ХРАНЕНИЯ | |
| Идентификатор организации | NLR |
| Шифр хранения (Call Number) | П17/1848 |
| 942 ## - ДОПОЛНИТЕЛЬНЫЕ ЭЛЕМЕНТЫ ЗАПИСИ (АБИС) | |
| Тип экземпляра АБИС | Выпуск |
| 980 ## - КОЛЛЕКЦИЯ | |
| Название коллекции | Национальная библиография |
| 980 ## - КОЛЛЕКЦИЯ | |
| Название коллекции | Русская периодика |
Нет доступных экземпляров.